Criminogňesis

Bibliographic Details
Format: Unknown
Language:Spanish
Published: Mx̌ico : Instituto Nacional de Estudios Superiores en derecho penal
Subjects:
Online Access:Acceso restringido

MARC

LEADER 00000ny a22000003n 4500
005 20110517132029.0
008 100909c20109999mx tu p 0 |spa d
022 |a 1870-9524  
035 |a 4807 
040 |a UCLM  |d vLex 
080 |a 34(05) 
090 |c 2025  |d 2025 
245 0 0 |a Criminogňesis  |h [Recurso electrn̤ico] 
256 |a Servicio en ln̕ea 
260 |a Mx̌ico :  |b Instituto Nacional de Estudios Superiores en derecho penal 
300 |a v.  |c ; 23 cm 
310 |a Cuatrimestral 
362 0 |a Aǫ 1, n. 0 (2007-) 
506 1 |a Contenido solo disponible en los productos indicados  |d vLex Global  |d vLex Global (Academic Edition, excluding Law Schools)  |d vLex Global (U.S. Academic Edition, Law Schools)  |d vLex Global (U.S. Academic Edition, excluding Law Schools)  |d vLex Global (Academic Edition, Law Schools) 
650 0 4 |a Penal  |2 Tesauro vLex 
650 0 4 |a Polt̕ica criminal y criminologa̕  |2 Tesauro vLex 
650 0 4 |a Derecho penal  |2 Tesauro vLex 
740 0 |a vLex Revista (Servicios en ln̕ea) 
843 |a Electrn̤ica. Abierta 
853 |8 1  |i (year)  |j (month)  |k (day) 
856 4 0 |u http://vlex.com/source/4807  |z Acceso restringido 
942 |c REV 
999 4 |a Derecho 
999 4 |a Publicaciones perid̤icas